| 000 | 01584cam a22004094i 4500 | ||
|---|---|---|---|
| 003 | PE-LiUPU | ||
| 005 | 20250731183358.0 | ||
| 008 | 150623s1990 miu r 000 0 eng d | ||
| 020 | _a0825434254 | ||
| 035 | _a(Sirsi) i9780825434259 | ||
| 040 |
_aPE-LiUPU _bspa _cPE-LiUPU _erda |
||
| 049 | _aPRUA | ||
| 082 | 0 | 4 |
_a783 _bO76 _221 |
| 100 | 1 |
_aOsbeck, Kenneth W., _eautor. |
|
| 245 | 1 | 0 |
_aAmazing grace : _b366 inspiring hymn stories for daily devotions / _cKenneth W. Osbeck. |
| 264 | 1 |
_aGrand Rapids, Michigan : _bKregel publications, _c1990. |
|
| 300 |
_a397 páginas ; _c23 centímetros |
||
| 336 |
_atext _2rdacontent |
||
| 337 |
_aunmediated _2rdamedia |
||
| 338 |
_avolume _2rdacarrier |
||
| 505 | 0 | _aJanuary -- February -- March -- April -- May -- June -- July -- August -- September -- October -- November -- December. | |
| 526 | _aP158 | ||
| 526 | _aP146 | ||
| 526 | _aP17 | ||
| 526 | _aP12 | ||
| 526 | _aP06 | ||
| 650 | 1 | 4 | _aCalendarios devocionales. |
| 650 | 2 | 4 |
_aHimnos _xInglés _vHistoria y crítica. |
| 650 | 2 | 4 |
_aHimnos _xInglés _zEstados Unidos _vHistoria y crítica. |
| 650 | 2 | 4 |
_aHimnos _xUso devocional. |
| 942 |
_2ddc _cBOOK |
||
| 949 |
_a783 O76 _wDEWEY _c1 _i43702 _lCCODEBUL1 _mBUL _r0 _sY _tBOOK _u2015-6-24 _xTEOLOGIA _PP35 _0COMPRA _o.STAFF. Colección Teología |
||
| 994 |
_aC0 _bPEPRU |
||
| 596 | _a1 | ||
| 999 |
_a783 O76 _wDEWEY _c20104 _i43702 _f2021-11-11 _g5 _lCCODEBUL1 _mBUL _p15.00 _r0 _sY _tBOOK _u2015-6-24 _xTEOLOGIA _PP35 _0COMPRA _o.STAFF. Colección Teología _d20104 |
||
| 980 |
_81 _gALBERTO SANCHEZ Responsable de Automatización |
||